[Event "AUTO-ADV-1879"]
[Site "http://www.queenalice.com/game.php?id=847324"]
[Date "2010.10.17"]
[Round "2"]
[White "Mick_Gray"]
[Black "peao_malvado"]
[Result "0-1"]
[WhiteElo "1885"]
[BlackElo "2047"]

1. d4 Nf6 2. c4 g6 3. Nf3 Bg7 4. e4 d6 5. Nc3 O-O 6. Bd3 Nbd7 7. O-O e5 8. d5
Nc5 9. Bc2 a5 10. Ng5 h6 11. Nh3 Bxh3 12. gxh3 Qd7 13. Kg2 Nh7 14. f4 exf4 15.
Rxf4 Bxc3 16. bxc3 h5 17. Qd4 Ng5 18. Rh4 Qe7 19. Rf4 Rae8 20. h4 Ngxe4 21. Bxe4
Nxe4 22. Kf3 Nc5 23. Bd2 Qe2+ 24. Kg3 Re4 25. Re1 Qxe1+ 26. Bxe1 Rxd4 27. Rxd4
Re8 28. Bd2 Kg7 29. Kf4 f6 30. h3 g5+ 31. hxg5 fxg5+ 32. Kxg5 Re5+ 33. Kf4 Kf6
34. Be3 Rf5+ 35. Kg3 Rf1 36. Kh4 Kg6 37. Rd2 Rf5 38. Rg2+ Kf7 39. Rf2 Rxf2 40.
Bxf2 Ne4 41. Be1 Kg6 42. a3 a4 43. Bg3 Nd2 44. Bf4 Nxc4 45. Bc1 Nb6 46. Kg3 Nxd5
47. Bd2 Nb6 48. h4 Nc4 49. Bc1 Kf5 50. Kf3 c6 51. Kg3 Ke4 52. Kf2 Kd3 0-1

[Event "AUTO-ADV-1879"]
[Site "http://www.queenalice.com/game.php?id=847325"]
[Date "2010.10.17"]
[Round "2"]
[White "peao_malvado"]
[Black "PlinioSalgado"]
[Result "1-0"]
[WhiteElo "2057"]
[BlackElo "1866"]

1. d4 Nf6 2. c4 g6 3. Nc3 d5 4. cxd5 Nxd5 5. e4 Nxc3 6. bxc3 Bg7 7. Bc4 c5 8.
Nf3 O-O 9. O-O Nc6 10. Bb2 Bg4 11. d5 Na5 12. Be2 Qc7 13. Rb1 b6 14. Qc2 Bxf3
15. Bxf3 Nc4 16. Qd3 Nxb2 17. Rxb2 Qe5 18. Rc2 Rad8 19. g3 e6 20. c4 Rfe8 21.
Bg2 exd5 22. cxd5 Qd4 23. Qxd4 Bxd4 24. Kh1 f6 25. f4 Kg7 26. a4 Rb8 27. Re1 a6
28. Bf1 b5 29. axb5 axb5 30. Rb1 Rxe4 31. Rxb5 Rbe8 32. Rb7+ Kh6 33. d6 Rd8 34.
d7 Re7 35. Bb5 g5 36. Rc1 gxf4 37. gxf4 Kg7 38. Rc7 Kf7 39. Rc8 Rexd7 40. Bxd7
Rxd7 41. Re1 h5 42. f5 Kg7 43. Kg2 Kh6 44. h4 Rg7+ 45. Kf3 Kh7 46. Ree8 1-0

[Event "AUTO-ADV-1879"]
[Site "http://www.queenalice.com/game.php?id=847326"]
[Date "2010.10.17"]
[Round "2"]
[White "PlinioSalgado"]
[Black "peao_malvado"]
[Result "1/2-1/2"]
[WhiteElo "1888"]
[BlackElo "2040"]

1. e4 c5 2. c3 d5 3. exd5 Qxd5 4. d4 cxd4 5. cxd4 e6 6. Nc3 Bb4 7. Nf3 Nc6 8.
Bd2 Bxc3 9. bxc3 Nf6 10. Be2 O-O 11. O-O Ne4 12. Qc2 Nxd2 13. Qxd2 e5 14. c4 Qd6
15. d5 Rd8 16. Rad1 Nb8 17. Qg5 f6 18. Qg3 e4 19. Qxd6 Rxd6 20. Nd4 Na6 21. Nb5
Rd8 22. Rc1 Nc5 23. Rc3 Bd7 24. Nd4 g6 25. f3 exf3 26. Bxf3 Re8 27. Rd1 Re5 28.
Nb3 Rc8 29. Kf1 Kf7 1/2-1/2

[Event "Challenge"]
[Site "http://www.queenalice.com/game.php?id=887360"]
[Date "2011.1.17"]
[Round "-"]
[White "Samuelfs57"]
[Black "peao_malvado"]
[Result "1/2-1/2"]
[WhiteElo "1970"]
[BlackElo "2058"]

1. e4 c5 2. Nf3 d6 3. d4 cxd4 4. Nxd4 Nf6 5. Nc3 g6 6. Be3 Bg7 7. Be2 O-O 8. O-O
Nc6 9. Nf3 Bd7 10. Qd2 Re8 11. h3 a6 12. Bh6 Bh8 13. Ng5 Rc8 14. Rae1 Ne5 15. f4
Nc4 16. Bxc4 Rxc4 17. b3 Qb6+ 18. Kh1 Rxc3 19. Qxc3 Ng4 20. Qg3 Nxh6 21. f5 Be5
22. Qh4 Kg7 23. fxg6 Bf6 24. Rxf6 exf6 25. Nxf7 hxg6 26. Qxh6+ Kxf7 27. Qh7+ Ke6
28. Rf1 Qd4 29. Qxg6 Ke7 30. Qg7+ Kd8 31. h4 1/2-1/2

[Event "AUTO-ADV-1831"]
[Site "http://www.queenalice.com/game.php?id=908439"]
[Date "2011.3.4"]
[Round "2"]
[White "peao_malvado"]
[Black "Rutty"]
[Result "1-0"]
[WhiteElo "2086"]
[BlackElo "2073"]

1. d4 d5 2. c4 dxc4 3. e4 e5 4. d5 c6 5. Bxc4 Bb4+ 6. Bd2 Bxd2+ 7. Qxd2 Nf6 8.
Nc3 O-O 9. Nf3 cxd5 10. O-O-O d4 11. Nxe5 Nc6 12. Nxc6 bxc6 13. Qxd4 Bb7 14.
Qxd8 Raxd8 15. Rxd8 Rxd8 16. Rd1 Rxd1+ 17. Kxd1 Ng4 18. h3 Nf6 19. f3 Nh5 20.
Ke1 g5 21. Kf2 Kg7 22. Na4 Nf4 23. Nc5 Bc8 24. b4 Kf6 25. Nd3 Nxd3+ 26. Bxd3 Ke5
27. Ke3 h6 28. Bf1 Be6 29. a3 f6 30. g3 Bb3 31. f4+ Kd6 32. Kd4 Ba4 33. e5+
fxe5+ 34. fxe5+ Ke7 35. Bc4 h5 36. Kc5 1-0

[Event "AUTO-ADV-1831"]
[Site "http://www.queenalice.com/game.php?id=908440"]
[Date "2011.3.4"]
[Round "2"]
[White "Rutty"]
[Black "peao_malvado"]
[Result "0-1"]
[WhiteElo "2006"]
[BlackElo "2101"]

1. e4 c5 2. Nf3 d6 3. d4 cxd4 4. Nxd4 Nf6 5. Nc3 g6 6. Bb5+ Bd7 7. O-O Bg7 8.
Bxd7+ Nbxd7 9. Bg5 O-O 10. Qd2 Nc5 11. Bxf6 Bxf6 12. b4 Nd7 13. Nd5 Bg7 14. Rac1
Nb6 15. c4 Nxd5 16. cxd5 Qb6 17. Nf3 Rac8 18. a3 Qb5 19. h3 Qd7 20. Rxc8 Rxc8
21. Rc1 Rc7 22. Rxc7 Qxc7 23. b5 Qc4 24. Qa5 Qxe4 25. Qxa7 Qxd5 26. a4 e5 27.
Kh2 e4 28. Qa8+ Bf8 29. Ng1 Kg7 30. Qa7 Be7 31. Ne2 Bf6 32. Qa5 Be5+ 33. g3 Qd1
34. Ng1 e3 35. f4 Qd2+ 0-1

[Event "AUTO-ADV-1868"]
[Site "http://www.queenalice.com/game.php?id=920851"]
[Date "2011.4.2"]
[Round "2"]
[White "technicaldraw"]
[Black "peao_malvado"]
[Result "1/2-1/2"]
[WhiteElo "1988"]
[BlackElo "2104"]

1. e4 c5 2. Nf3 d6 3. d4 cxd4 4. Nxd4 Nf6 5. Nc3 g6 6. Be3 Bg7 7. f3 O-O 8. Qd2
Nc6 9. O-O-O Nxd4 10. Bxd4 Be6 11. Kb1 a6 12. h4 Re8 13. g4 Rc8 14. h5 Qa5 15.
a3 Rc7 16. hxg6 hxg6 17. Nd5 Qxd2 18. Nxf6+ Bxf6 19. Rxd2 Bxd4 20. Rxd4 f6 21.
Rd2 Kg7 22. Rdh2 Rg8 23. Rh7+ Kf8 24. Bd3 g5 25. Rh8 Rxh8 26. Rxh8+ Bg8 27. b3
Kg7 28. Rh2 b5 29. Kb2 d5 30. Re2 e5 31. exd5 Bxd5 32. Be4 1/2-1/2

[Event "AUTO-ADV-1868"]
[Site "http://www.queenalice.com/game.php?id=920852"]
[Date "2011.4.2"]
[Round "2"]
[White "peao_malvado"]
[Black "technicaldraw"]
[Result "1/2-1/2"]
[WhiteElo "2101"]
[BlackElo "2014"]

1. d4 d5 2. c4 c6 3. Nc3 Nf6 4. Nf3 e6 5. Bg5 h6 6. Bxf6 Qxf6 7. e3 Nd7 8. Be2
dxc4 9. Bxc4 g6 10. O-O Bg7 11. Ne4 Qe7 12. Qc2 O-O 13. Rfd1 Nb6 14. Bb3 Rd8 15.
Rd2 Nd5 16. Nc3 Nxc3 17. Qxc3 Bd7 18. Rad1 c5 19. Qc2 cxd4 20. Nxd4 Rac8 21. Nf5
gxf5 22. Rxd7 Rxc2 23. Rxd8+ Kh7 24. Bxc2 Qb4 25. Bb3 a5 26. Ra8 b5 27. g3 a4
28. Bxa4 bxa4 29. b3 axb3 30. axb3 Qxb3 31. Rdd8 Qb1+ 32. Kg2 1/2-1/2

[Event "AUTO-ADV-1868"]
[Site "http://www.queenalice.com/game.php?id=920853"]
[Date "2011.4.2"]
[Round "2"]
[White "kamikaze"]
[Black "peao_malvado"]
[Result "1-0"]
[WhiteElo "2056"]
[BlackElo "2000"]

1. d4 Nf6 2. c4 g6 3. Nc3 Bg7 4. e4 d6 5. h3 Nbd7 6. Nf3 O-O 7. Bd3 e5 8. d5 Nc5
9. Bc2 a5 10. Bg5 h6 11. Bxf6 Bxf6 12. Qd2 Bg7 13. O-O f5 14. Rae1 f4 15. b3 g5
16. Nh2 Kh8 17. Bd1 Qf6 18. Nb5 Rf7 19. Bh5 Re7 20. Qc2 Na6 21. a3 Bd7 22. Nc3
1-0

[Event "AUTO-ADV-1868"]
[Site "http://www.queenalice.com/game.php?id=920854"]
[Date "2011.4.2"]
[Round "2"]
[White "peao_malvado"]
[Black "kamikaze"]
[Result "0-1"]
[WhiteElo "1939"]
[BlackElo "2070"]

1. d4 d5 2. c4 c6 3. Nc3 Nf6 4. Nf3 Bg4 5. Ne5 Bh5 6. g3 e6 7. cxd5 cxd5 8. Bg5
Be7 9. Qa4+ Nbd7 10. Bxf6 Bxf6 11. Nxd7 Qxd7 12. Qxd7+ Kxd7 13. e3 Bf3 14. Rg1
a6 15. Be2 Bxe2 16. Kxe2 b5 17. b4 Rhc8 18. Kd2 Rc4 19. a3 Rac8 20. Rgc1 Be7 21.
Nd1 Rxc1 0-1

[Event "Orkut-Queenalice"]
[Site "http://www.queenalice.com/game.php?id=941821"]
[Date "2011.5.24"]
[Round "4"]
[White "Neimar_Dantas"]
[Black "peao_malvado"]
[Result "1-0"]
[WhiteElo "2104"]
[BlackElo "2093"]

1. d4 Nf6 2. Nf3 g6 3. b3 Bg7 4. Bb2 O-O 5. e3 d5 6. Be2 Ne4 7. O-O Nd7 8. Nbd2
Ndf6 9. c4 c6 10. Ne5 Nxd2 11. Qxd2 Ne4 12. Qc2 Nf6 13. Bd3 Nd7 14. Nxd7 Bxd7
15. e4 1-0